| 000 | 01293 am a2200301 a 4500 | ||
|---|---|---|---|
| 005 | 20240527110649.0 | ||
| 008 | 100429s1999||||xxud f |||| 001 0 spa d | ||
| 020 | _a0874936373 | ||
| 041 | _aspa | ||
| 092 |
_c616.1 _l7 _sBIL |
||
| 100 | 1 |
_aBilli, John E. _9608 |
|
| 245 |
_aManual para Instructores Reanimación Cardiopulmonar Avanzada / _cJohn E. Billi |
||
| 250 |
_a1a ed. _bTraducción Adriana Morando y Gabriela López |
||
| 260 |
_aTexas [USA]: _bAmerican Heart Association ; Fundación Interamericana del Corazón; _c1999. |
||
| 300 |
_a500 p. _bil. |
||
| 500 | _aBilli, J. E. y Cummins, R. O. (1999). Manual para Instructores Reanimación Cardiopulmonar Avanzada. (1a ed.). Texas : American Heart Association ; Fundación Interamericana del Corazón. | ||
| 653 | _aIntroducción al entrenamiento en RCA | ||
| 653 | _aEntrenamiento del operador de RCA: revisión | ||
| 653 | _aCurso de operador de RCA: organización y diseño | ||
| 653 | _aInstructor para favorecer el aprendizaje | ||
| 653 | _aEvaluación en los cursos de operador de RCA | ||
| 653 | _aMateriales para cursos de operador e instructor en RCA | ||
| 653 | _aEnseñanza interactiva basada en casos | ||
| 653 | _aCasos de RCA | ||
| 700 | 1 |
_aCummins, Richard O. _9609 |
|
| 930 | _a2119 | ||
| 942 |
_2ddc _cBK |
||
| 999 |
_c283 _d283 |
||